000 00373nam a2200145Ia 4500
008 231217s9999 xx 000 0 und d
041 _aEnglish
082 _a001.6424 MCC1;1 R
100 _aMcConnell, Steve
245 0 _aSoftware project survival guide
260 _c1998
_bWP Pub.
_aBangalore
300 _a288
650 _aSoftware,project,survival
942 _cAA
999 _c176516
_d176516